000 00504nam a2200181Ia 4500
003 GCL
008 140319s9999 xx 000 0 ara d
040 _aGCL /
_cGCL
082 0 4 _a813.03
_bت م
100 1 _aتوفيق الحكيم
245 1 0 _aالمسرح المنوع 1923 - 1966 /
_cتوفيق الحكيم
300 _a869 ص
490 _aكتاب
_v0
650 0 4 _aالادب العربى
650 0 4 _aالمسرحيات العربية
650 0 4 _aالمجموعات
942 _2ddc
_cBK
999 _c43273
_d43273